| 000 | 00439nam a2200133Ia 4500 | ||
|---|---|---|---|
| 008 | 200918s9999 xx 000 0 und d | ||
| 020 | _a978-621-4160-45-7 | ||
| 100 | _aCabrera, Ma. Elenita B. | ||
| 245 |
_cMa. Elenita B. Cabrera, Gilbert Anthony B. Cabrera _aCost accounting and control/ |
||
| 260 |
_aManila: _bGIC Enterprises and Co., Inc. _c2018 |
||
| 300 |
_aix, 396 pages _c23 cm. |
||
| 650 | _aAccounting | ||
| 650 | _aCost accounting | ||
| 999 |
_c364299 _d364299 |
||